¿El sector financiero como clase? /

Bewaard in:
Bibliografische gegevens
Hoofdauteur: Michl, Thomas
Formaat: Texto
Tags: Voeg label toe
Geen labels, Wees de eerste die dit record labelt!

MARC

LEADER 00000 a a2200000 04500
001 44827
003
040
100 |a Michl, Thomas  
245 |a ¿El sector financiero como clase? /  |c Thomas Michl  
773 |g número70 ( , 2011), páginas 108-116  
999 |c 35511  |d 35511